<?xml version="1.0" encoding="UTF-8"?><?xml-stylesheet type="text/xsl" href="static/style.xsl"?><OAI-PMH xmlns="http://www.openarchives.org/OAI/2.0/" xmlns:xsi="http://www.w3.org/2001/XMLSchema-instance" xsi:schemaLocation="http://www.openarchives.org/OAI/2.0/ http://www.openarchives.org/OAI/2.0/OAI-PMH.xsd"><responseDate>2026-06-30T06:21:45Z</responseDate><request verb="GetRecord" identifier="oai:riubu.ubu.es:10259/9904" metadataPrefix="marc">https://riubu.ubu.es/oai/request</request><GetRecord><record><header><identifier>oai:riubu.ubu.es:10259/9904</identifier><datestamp>2025-01-15T01:05:33Z</datestamp><setSpec>com_10259_8005</setSpec><setSpec>com_10259_5086</setSpec><setSpec>com_10259_2604</setSpec><setSpec>col_10259_8006</setSpec></header><metadata><record xmlns="http://www.loc.gov/MARC21/slim" xmlns:doc="http://www.lyncode.com/xoai" xmlns:xsi="http://www.w3.org/2001/XMLSchema-instance" xmlns:dcterms="http://purl.org/dc/terms/" xsi:schemaLocation="http://www.loc.gov/MARC21/slim http://www.loc.gov/standards/marcxml/schema/MARC21slim.xsd">
<leader>00925njm 22002777a 4500</leader>
<datafield tag="042" ind1=" " ind2=" ">
<subfield code="a">dc</subfield>
</datafield>
<datafield tag="720" ind1=" " ind2=" ">
<subfield code="a">Alcántara Sáez, Manuel</subfield>
<subfield code="e">author</subfield>
</datafield>
<datafield tag="720" ind1=" " ind2=" ">
<subfield code="a">Rivas Pérez, Cristina</subfield>
<subfield code="e">author</subfield>
</datafield>
<datafield tag="720" ind1=" " ind2=" ">
<subfield code="a">Rodríguez Balmaceda, Cecilia Graciela</subfield>
<subfield code="e">author</subfield>
</datafield>
<datafield tag="260" ind1=" " ind2=" ">
<subfield code="c">2024-05</subfield>
</datafield>
<datafield tag="520" ind1=" " ind2=" ">
<subfield code="a">Este artículo examina los niveles de&#xd;
democracia en América Latina y su evolución a&#xd;
partir de datos proporcionados por los principales indicadores del estado de la democracia,&#xd;
que muestran la heterogeneidad regional con&#xd;
distintos niveles de fatiga democrática evidenciados a través del tiempo. Asimismo, y de manera&#xd;
correlacionada, el análisis constata el creciente&#xd;
cansancio ciudadano manifestado por la crisis&#xd;
de la representación, centrada en el agotamiento del papel de los partidos políticos, la pérdida&#xd;
de confianza en las instituciones y los elevados&#xd;
niveles de insatisfacción democrática en el marco de los cambios socioculturales exponenciales&#xd;
que arrastra la revolución digital.</subfield>
</datafield>
<datafield tag="520" ind1=" " ind2=" ">
<subfield code="a">This article examines the levels of democracy in Latin America and their evolution, based on data provided by the main indicators on&#xd;
the state of democracy. The data show regional&#xd;
heterogeneity, with levels of democratic fatigue&#xd;
varying across places and times. The analysis&#xd;
also confirms the growing citizen fatigue, manifested in the crisis of representation, as evidenced by the exhaustion of political parties, the&#xd;
loss of confidence in institutions and high levels&#xd;
of democratic dissatisfaction amid the rapid sociocultural changes brought about by the digital&#xd;
revolution.</subfield>
</datafield>
<datafield tag="024" ind2=" " ind1="8">
<subfield code="a">2594-0651</subfield>
</datafield>
<datafield tag="024" ind2=" " ind1="8">
<subfield code="a">http://hdl.handle.net/10259/9904</subfield>
</datafield>
<datafield tag="024" ind2=" " ind1="8">
<subfield code="a">2594-0651</subfield>
</datafield>
<datafield ind1=" " ind2=" " tag="653">
<subfield code="a">Democracia</subfield>
</datafield>
<datafield ind1=" " ind2=" " tag="653">
<subfield code="a">América Latina</subfield>
</datafield>
<datafield ind1=" " ind2=" " tag="653">
<subfield code="a">Confianza ciudadana</subfield>
</datafield>
<datafield ind1=" " ind2=" " tag="653">
<subfield code="a">Insatisfacción democrática</subfield>
</datafield>
<datafield ind1=" " ind2=" " tag="653">
<subfield code="a">Democracy</subfield>
</datafield>
<datafield ind1=" " ind2=" " tag="653">
<subfield code="a">Latin America</subfield>
</datafield>
<datafield ind1=" " ind2=" " tag="653">
<subfield code="a">Citizen trust</subfield>
</datafield>
<datafield ind1=" " ind2=" " tag="653">
<subfield code="a">Democratic dissatisfaction</subfield>
</datafield>
<datafield tag="245" ind1="0" ind2="0">
<subfield code="a">Sociedades cansadas y democracias fatigadas en América Latina</subfield>
</datafield>
</record></metadata></record></GetRecord></OAI-PMH>